01992 a2200169 45000010006000000050017000060080041000230030015000640400040000790800035001192450052001542640080002063000019002865051473003051000022017787000022018001726620260407155459.0260407a1963 arg spa dAR-UNSa-BCEJYS aAR-UNSa-BCEJYSbspacAR-UNSa-BCEJYS a657.47xContabilidad de Costos10aContabilidad de costospprincipios y práctica 1aMéxico :bUnión Tipográfica Editorial Hispano-Americana (UTEHA)c1963 a866 p.c22 cm. a1. Introducción - 2. Terminología fundamental de la contabilidad de costos - 3. Ciclo de la contabilidad de costos - 4. Los asientos de contabilidad y el ciclo de la contabilidad de costos - 5. El registro de cuentas por pagar en la contabilidad de costos - 6. Mayores especiales usados en la contabilidad de costos - 7. Control y contabilidad de los materiales - 8. Registros del inventario de materiales - 9. Contabilidad de la mano de obra en la contabilidad de costos - 10. Sistemas de salarios de fábrica - 11. Gastos de fabricación - 12. Departamentalización de los gastos de fábrica - 13. Resumenes de costos y estados financieros - 14. Costos por procesos - 15. Costos por procesos (terminación) - 16. Procedimientos aplicados de contabilidad de costos por procesos - 17. El control presupuestario y la contabilidad de costos - 18. Procedimientos de contabilidad de costos estimados - 19. Costos estandar - 20. Procedimientos de contabilidad para costos estandar - 21. Informes para la dirección, análisis y control a tráves de la contabilidad de costos - 22. Presentación gráfica de los datos de costos - 23. Costos de no-fabricación - 24. Costos de no-fabricación (Continuación) - 25. Sistema de contabilidad de costos uniforme - 26. Exámen de la contabilidad de costos desde el punto de vista directivo - 27. Ejemplo de costos por ordenes de fabricación - 28. Ejemplo de costos por procesos - 29. Ejemplo de costos estandar1 aNeuner, John J.W.1 aOrtiz R., Teodoro